000 00363 a2200169 4500
001 173665
020 _a
040 _cMagnum
100 _aRocha, Ruth
240 1 0 _aO que os olhos não vêem
_lpor
245 1 0 _aO que os olhos não vêem
300 _a32
362 0 _a1983
440 1 _aSalamandra
697 _aLITERATURA INFANTO-JUVENIL
942 _cBK
999 _c173665
_d173665